| 000 | 01132nam0a22002531 4500 | ||
|---|---|---|---|
| 001 | rc\2232074 | ||
| 005 | 20260407122936.0 | ||
| 035 | _a(NLR Aleph) 006496451 | ||
| 090 |
_a6186339 _c6186339 |
||
| 100 | _a20110829d1978 |||y0rusy50 ca | ||
| 101 | 0 | _arus | |
| 102 | _aRU | ||
| 105 | _ay z ||||| | ||
| 200 | 1 |
_aТридцатая годовщина февральской победы трудящихся Чехословакии _e(Метод. рекомендации в помощь лекторам) _fХарьк. обл. орг. о-ва "Знание" УССР. Науч.-метод. совет по пропаганде правовых знаний |
|
| 210 |
_aХарьков _cБ. и. _d1978 |
||
| 215 |
_a[1], 18 с. _d20 |
||
| 300 | _aВ вып. дан. авт.: проф. А.И. Свечкарев | ||
| 701 | 1 |
_aСвечкарев _bА.И. |
|
| 712 | 0 | 2 |
_a"Знание", общество УССР _cКиев _bХарьковское областное отделение _3RU\NLR\AUTH\889960572 _9417423 |
| 801 | 0 |
_aRU _bNLR _gpsbo |
|
| 801 | 1 |
_aRU _bELAR _2rusmarc |
|
| 852 |
_aNLR _j78-4/12513 |
||
| 942 | _cBOOK | ||
| 980 | _aNB | ||